00622cam a22001814a 4500020003300000020003400033082001600067100002000083245005200103250001200155260005000167300002800217650002600245650003000271650001900301856006500320856005500385 a0471987719 (Pr : alk. paper) a0471983241 (Ppc : alk. paper)00a624.171 MEL1 aMelchers, R. E.10aStructural reliability analysis and prediction  a2nd ed. aChichester ;aNew York :bJohn Wiley,cc1999. axviii, 437 p. :bill. ; 0aStructural stability. 0aReliability (Engineering) 0aProbabilities.42uhttp://www.loc.gov/catdir/description/wiley037/98053106.html4 uhttp://www.loc.gov/catdir/toc/onix01/98053106.html